Countries Closest to Morocco - 30 Second Sprint - Statistics

General Stats
  • This quiz has been taken 102 times
  • The average score is 8 of 20
Answer Stats
km country miles % Correct
0 Algeria 0
94%
0 Spain 0
89%
40 Mauritania 25
86%
807 Tunisia 501
83%
202 Portugal 125
70%
363 Mali 226
67%
1233 Senegal 766
60%
1021 Libya 634
58%
843 France 523
47%
1012 Italy 629
33%
1553 Gambia 965
31%
867 Andorra 539
27%
1449 Malta 900
23%
1556 United Kingdom 967
19%
1267 Monaco 788
16%
1566 Cabo Verde 973
13%
0 Western Sahara 0
11%
1590 San Marino 988
10%
1482 Vatican City 921
8%
1408 Switzerland 875
4%
No matching quizzes found
Score Distribution
Percent of People with Each Score
Percentile by Number Answered
Your Score History
You have not taken this quiz